Essentials of Human Anatomy & Physiology (Record no. 8890)

MARC details
000 -LEADER
fixed length control field 00450nam a22001577a 4500
003 - CONTROL NUMBER IDENTIFIER
control field OSt
008 - FIXED-LENGTH DATA ELEMENTS--GENERAL INFORMATION
fixed length control field 200713b ||||| |||| 00| 0 eng d
020 ## - INTERNATIONAL STANDARD BOOK NUMBER
International Standard Book Number 9789384097080
100 ## - MAIN ENTRY--PERSONAL NAME
Personal name Kabra, Mahaveer Prasad Bhandari,Sanjay Singh
245 ## - TITLE STATEMENT
Title Essentials of Human Anatomy & Physiology
250 ## - EDITION STATEMENT
Edition statement 2016
260 ## - PUBLICATION, DISTRIBUTION, ETC. (IMPRINT)
Place of publication, distribution, etc N Delhi
Name of publisher, distributor, etc Birla Publications Pvt. Ltd. Pub
Date of publication, distribution, etc 2016
300 ## - PHYSICAL DESCRIPTION
Extent 264
650 ## - SUBJECT ADDED ENTRY--TOPICAL TERM
Topical term or geographic name as entry element Human Anatomy and Physiology
942 ## - ADDED ENTRY ELEMENTS (KOHA)
Source of classification or shelving scheme Dewey Decimal Classification
Koha item type Text Books
942 ## - ADDED ENTRY ELEMENTS (KOHA)
-- 9
Holdings
Withdrawn status Lost status Source of classification or shelving scheme Damaged status Not for loan Collection code Home library Current library Date acquired Source of acquisition Currency Cost, normal purchase price Bill Number Total Checkouts Full call number Acc. no. / Barcode Date last seen Date last borrowed Actual Cost, discounted price Bill Date Koha item type
    Dewey Decimal Classification     B.Pharma PIET C-LIBRARY PIET C-LIBRARY 13/02/2020 Kirti Prakashan Indian Rup 250.00 IN6239 5 612 KAE BP1344 07/04/2022 24/03/2022 167.50 01/02/2020 Reference Books
    Dewey Decimal Classification     B.Pharma PIET C-LIBRARY PIET C-LIBRARY 13/02/2020 Kirti Prakashan Indian Rup 250.00 IN6239 4 612 KAE BP1345 05/05/2025 23/04/2025 167.50 01/02/2020 Text Books
    Dewey Decimal Classification     B.Pharma PIET C-LIBRARY PIET C-LIBRARY 13/02/2020 Kirti Prakashan Indian Rup 250.00 IN6239 7 612 KAE BP1346 16/04/2025 08/04/2025 167.50 01/02/2020 Text Books

Design & Developed by: PIET Central Library
R70 Miles Stone Pattikalyana Samalkha Panipat 132102
mail ID :- [email protected], Phone No:- 0180-2569700 Ex.216